[Event "Rheinhausen-ch 19th"]
[Site "Duisburg Rheinhausen"]
[Date "2015.02.18"]
[Round "4"]
[White "Grigat, Klaus Dieter"]
[Black "Asselborn, Alexander"]
[Result "1-0"]
[WhiteElo "1782"]
[BlackElo "1629"]
[PlyCount "71"]
[EventDate "2015.01.09"]
[EventType "swiss"]
[EventRounds "7"]
[EventCountry "GER"]
[SourceTitle "EXT 2018"]
[Source "ChessBase"]
[SourceDate "2017.10.13"]
[SourceVersion "1"]
[SourceVersionDate "2017.10.13"]
[SourceQuality "1"]

1. e4 d5 2. exd5 Qxd5 3. Nc3 Qd6 4. Nf3 Nc6 5. d3 Bg4 6. Be2 Nf6 7. 0-0 e5 8. Ng5 Bxe2 9. Qxe2 Nd4 10. Qd1 h6 11. Nf3 0-0-0 12. Re1 Nxf3+ 13. Qxf3 c6 14. Qf5+ Qd7 15. Rxe5 Bd6 16. Qxd7+ Rxd7 17. Re1 Rhd8 18. Bd2 c5 19. Ne4 Nxe4 20. Rxe4 f5 21. Re2 c4 22. d4 Kc7 23. c3 b5 24. g3 g5 25. Re6 Bf8 26. Rae1 Rd6 27. R6e5 Rd5 28. h4 gxh4 29. gxh4 R8d6 30. h5 Kc6 31. Bf4 Rxe5 32. Rxe5 Rd5 33. Re6+ Kd7 34. Ra6 Bd6 35. Rxa7+ Ke6 36. Ra6 1-0